[Event "Wch U08"]
[Site "Montesilvano"]
[Date "2024.11.20"]
[Round "6"]
[White "Saathvik, Chakravarthy Ramaya"]
[Black "Le, Khai"]
[Result "1-0"]
[WhiteElo "1466"]
[BlackElo "1808"]
[PlyCount "87"]
[EventDate "2024.11.15"]
[EventType "swiss"]
[EventRounds "11"]
[EventCountry "ITA"]
[SourceTitle "CB48_2024"]
[SourceDate "2024.11.28"]
[SourceVersion "1"]
[SourceVersionDate "2024.11.28"]
[SourceQuality "1"]

1. e4 c5 2. c3 d5 3. exd5 Qxd5 4. d4 Nf6 5. Nf3 Bg4 6. Be2 Nc6 7. 0-0 e6 8. h3 Bh5 9. Be3 cxd4 10. cxd4 Be7 11. Nc3 Qd6 12. Nb5 Qd8 13. a3 a6 14. Nc3 0-0 15. Rc1 Rc8 16. Ne5 Bxe2 17. Qxe2 Nxd4 18. Bxd4 Qxd4 19. Rfd1 Qb6 20. Ne4 Rfd8 21. Ng5 Rf8 22. Rxc8 Rxc8 23. Ngxf7 Nd5 24. Nh6+ gxh6 25. Rxd5 exd5 26. Qg4+ Bg5 27. Qxc8+ Kg7 28. Qd7+ Kf6 29. Ng4+ Kg6 30. Qxd5 Qxb2 31. Ne5+ Kf6 32. Qd6+ Kf5 33. g4+ Ke4 34. f3+ Ke3 35. Nc4+ Kxf3 36. Nxb2 Be3+ 37. Kf1 a5 38. Qd5+ Kg3 39. Qg2+ Kh4 40. g5 h5 41. Ke2 Bc5 42. Kf3 Bd6 43. Nc4 Bb8 44. Ne3 1-0